000 01432nas a2200373 a 4500
999 _c7959
_d7959
001 991037194889706706
003 OSt
005 20241120111008.0
008 990426d19301935spc|| p|| ||| 0 b|cat
035 _a(ES-BaCBU).b19767808
040 _aES-BaBC
_bcat
_cCDMR
043 _ae-sp---
_be-spc--
_2catmarc
080 _a070(467.1)(091)(05)
080 _a061.231:070(467.1)(05)
245 0 0 _aButlletí de la Federació de la Premsa Catalano-Balear
260 _aBarcelona :
_bla Federació,
_c1930-1935
_e([s.l. :
_fs.n.])
300 _a4 núm. ;
_c25 cm
310 _aIrregular
362 0 _aNúm. 4 (maig 1930)-núm. 7 (maig 1935)
500 _aCapçalera tipogràfica
505 8 _aNúmeros monogràfics
510 3 _aTorrent/Tasis I-700
515 _aEs manté la numeració
580 _aContinuació de: Boletín de la Federación de la Prensa Catalano-Balear
650 7 _aPremsa
_zCatalunya
_xHistòria
_xRevistes.
_2lemac
710 2 _aFederació de la Premsa Catalano-Balear
780 0 0 _tBoletín de la Federación de la Prensa Catalano-Balear
856 _uhttps://arca.bnc.cat/arcabib_pro/ca/consulta/registro.do?id=2712
_zAccés lliure (ARCA)
907 _a.b19767808
_b12-02-21
_c07-05-08
_d06-05-08
_es
_fb
_g-
_hcat
_ispc
_j0
_k8
908 _aAHS
_aBC
_aCLR
940 _aBC
942 _2udc
_cRES
949 _a1003012825
_bD7 802/2
_c1
_d0
_e0
_f19.02.08
_g1
_h4
_k1300
_m19.02.08
_n19.02.08
_o0
_pFons: Hemeroteca